Statistics for 20 countries with the smallest Exclusive economic zone

Click here to take the quiz!

General Stats

  • This quiz has been taken 30 times
  • The average score is 14 of 20

Answer Stats

HintAnswer% Correct
288Monaco
93%
50Bosnia & Herzegovina
83%
11026Kuwait
83%
7745Montenegro
80%
1067Singapore
80%
10225Bahrain
77%
1606Democratic Republic of Congo
73%
7459Djibouti
73%
7031Lithuania
73%
220Slovenia
73%
12045Togo
73%
10090Brunei
70%
166Jordan
70%
771Iraq
67%
3447Belgium
63%
15617Saint Lucia
63%
13691Albania
60%
9974Saint Kitts & Nevis
60%
10503Syria
50%
256Palestine
30%

Score Distribution

Percentile by Number Answered

Percent of People with Each Score

Your Score History

You have not taken this quiz